[Event "Mittelrhein Regionalliga 1920"]
[Site "Mittelrhein"]
[Date "2020.01.19"]
[Round "5.8"]
[White "Schmitt, Lars"]
[Black "Weber, Christian"]
[Result "0-1"]
[WhiteElo "1820"]
[BlackElo "1830"]
[PlyCount "62"]
[EventDate "2019.09.29"]
[EventType "team-tourn"]
[EventRounds "9"]
[EventCountry "GER"]
[SourceTitle "EXT 2023"]
[Source "ChessBase"]
[SourceDate "2022.10.05"]
[SourceVersion "1"]
[SourceVersionDate "2022.10.05"]
[SourceQuality "1"]
[WhiteTeam "Herzogenrath"]
[BlackTeam "Langenfeld II"]
[WhiteTeamCountry "GER"]
[BlackTeamCountry "GER"]

1. d4 f5 2. c4 e6 3. g3 Nf6 4. Bg2 d5 5. Nh3 c6 6. 0-0 Bd6 7. Nd2 0-0 8. Nf3 Ne4 9. c5 Bc7 10. Bf4 Nd7 11. e3 b6 12. b4 bxc5 13. dxc5 e5 14. Nfg5 Qe8 15. f3 Nxg5 16. Bxg5 h6 17. f4 Ba6 18. Bh4 Bxf1 19. Qxf1 a5 20. b5 Nxc5 21. bxc6 e4 22. Rc1 Nd3 23. Rc2 Rc8 24. Nf2 Nb4 25. Rc5 Bb6 26. Rb5 Rxc6 27. a3 Nc2 28. Qb1 Nxa3 29. Qb3 Nxb5 30. Qxb5 Rc1+ 31. Bf1 Qxb5 0-1

[Event "Mittelrhein Verbandsliga-N 18/19"]
[Site "Nordrheinwestfalen"]
[Date "2019.01.20"]
[Round "6.5"]
[White "Gelsok, Philipp"]
[Black "Weber, Christian"]
[Result "1-0"]
[WhiteElo "1946"]
[BlackElo "1876"]
[PlyCount "55"]
[EventDate "2018.09.02"]
[EventType "team-tourn"]
[EventRounds "12"]
[EventCountry "GER"]
[SourceTitle "EXT 2022"]
[Source "ChessBase"]
[SourceDate "2021.10.06"]
[SourceVersion "1"]
[SourceVersionDate "2021.10.06"]
[SourceQuality "1"]
[WhiteTeam "Bergische SF"]
[BlackTeam "Langenfeld II"]
[WhiteTeamCountry "GER"]
[BlackTeamCountry "GER"]

1. Nf3 f5 2. e4 fxe4 3. Ng5 Nf6 4. d3 e3 5. Bxe3 e5 6. d4 e4 7. Nxe4 d5 8. Nxf6+ Qxf6 9. Qh5+ Qf7 10. Qxf7+ Kxf7 11. Nd2 Bd6 12. Bd3 Nc6 13. c4 Re8 14. 0-0 Be6 15. c5 Be7 16. Bb5 Bd7 17. Nf3 Bf6 18. Rfe1 Bg4 19. h3 Bxf3 20. gxf3 Re6 21. Red1 Ne7 22. Bd7 Ra6 23. Bf4 Nc6 24. Bxc7 Nxd4 25. Kg2 Ne6 26. Bd6 Be7 27. Bxe6+ Kxe6 28. Re1+ 1-0

[Event "Mittelrhein Verbandsliga-N 17/18"]
[Site "Nordrheinwestfalen"]
[Date "2018.05.06"]
[Round "11.5"]
[White "Weber, Christian"]
[Black "Deutsch, Matthias"]
[Result "1-0"]
[WhiteElo "1847"]
[BlackElo "1606"]
[PlyCount "57"]
[EventDate "2017.09.10"]
[EventType "team-swiss"]
[EventRounds "11"]
[EventCountry "GER"]
[SourceTitle "EXT 2022"]
[Source "ChessBase"]
[SourceDate "2021.10.06"]
[SourceVersion "1"]
[SourceVersionDate "2021.10.06"]
[SourceQuality "1"]
[WhiteTeam "Langenfeld II"]
[BlackTeam "Gruenfeld"]
[WhiteTeamCountry "GER"]
[BlackTeamCountry "GER"]

1. f4 e5 2. fxe5 d6 3. exd6 Bxd6 4. Nf3 Nf6 5. d4 Bg4 6. Qd3 0-0 7. Bg5 Nc6 8. a3 Re8 9. Nc3 Bxf3 10. gxf3 Be7 11. 0-0-0 a6 12. f4 b5 13. Bg2 b4 14. Bxc6 bxc3 15. Qxc3 Ng4 16. Qf3 Bxg5 17. Qxg4 Bf6 18. Qf3 Rb8 19. Bxe8 Qxe8 20. Rd3 c5 21. e4 c4 22. Rdd1 Qb5 23. Qc3 Bd8 24. Qb4 Ba5 25. Qxb5 axb5 26. c3 Bc7 27. e5 f6 28. Kd2 Rd8 29. Ke3 1-0

[Event "Mittelrhein Verbandsliga-M 16/17"]
[Site "Nordrheinwestfalen"]
[Date "2016.12.18"]
[Round "5.6"]
[White "Gutt, Oswald"]
[Black "Weber, Christian"]
[Result "1/2-1/2"]
[WhiteElo "1867"]
[BlackElo "1856"]
[PlyCount "39"]
[EventDate "2016.09.11"]
[EventType "team-tourn"]
[EventRounds "11"]
[EventCountry "GER"]
[SourceTitle "EXT 2022"]
[Source "ChessBase"]
[SourceDate "2021.10.06"]
[SourceVersion "1"]
[SourceVersionDate "2021.10.06"]
[SourceQuality "1"]
[WhiteTeam "Bergische SF"]
[BlackTeam "Langenfeld II"]
[WhiteTeamCountry "GER"]
[BlackTeamCountry "GER"]

1. e4 c5 2. Nf3 Nc6 3. d4 cxd4 4. Nxd4 e5 5. Nb5 d6 6. N1c3 a6 7. Na3 Be7 8. Nd5 Nf6 9. Nxf6+ gxf6 10. c3 f5 11. Bd3 f4 12. Bc4 Qc7 13. Qh5 Nd8 14. g4 Ne6 15. Bd5 Bf8 16. g5 Ng7 17. Qe2 Ne6 18. Qh5 Ng7 19. Qe2 Ne6 20. Qh5 1/2-1/2

[Event "Mittelrhein Verbandsliga-M 16/17"]
[Site "Nordrheinwestfalen"]
[Date "2016.11.27"]
[Round "4.6"]
[White "Weber, Christian"]
[Black "Schurr, Bernhard"]
[Result "1-0"]
[WhiteElo "1856"]
[BlackElo "1760"]
[PlyCount "41"]
[EventDate "2016.09.11"]
[EventType "team-tourn"]
[EventRounds "11"]
[EventCountry "GER"]
[SourceTitle "EXT 2022"]
[Source "ChessBase"]
[SourceDate "2021.10.06"]
[SourceVersion "1"]
[SourceVersionDate "2021.10.06"]
[SourceQuality "1"]
[WhiteTeam "Langenfeld II"]
[BlackTeam "Rheinpark BSG"]
[WhiteTeamCountry "GER"]
[BlackTeamCountry "GER"]

1. f4 d5 2. e3 Nf6 3. Nf3 g6 4. Be2 Bg7 5. d3 0-0 6. 0-0 c5 7. Qe1 Nc6 8. a4 Qc7 9. Qh4 e5 10. e4 dxe4 11. dxe4 Nd4 12. Nxd4 cxd4 13. Bd3 Re8 14. Na3 a6 15. Nc4 Nxe4 16. fxe5 Bxe5 17. Nxe5 Qxe5 18. Bxe4 Qxe4 19. Qf6 Qe5 20. Qxf7+ Kh8 21. Bg5 1-0

[Event "Mittelrhein Verbandsliga-M 15/16"]
[Site "Nordrheinwestfalen"]
[Date "2016.04.10"]
[Round "10.6"]
[White "Beracz, Peter"]
[Black "Weber, Christian"]
[Result "1/2-1/2"]
[WhiteElo "1803"]
[BlackElo "1855"]
[PlyCount "23"]
[EventDate "2015.09.06"]
[EventType "team-tourn"]
[EventRounds "11"]
[EventCountry "GER"]
[SourceTitle "EXT 2022"]
[Source "ChessBase"]
[SourceDate "2021.10.06"]
[SourceVersion "1"]
[SourceVersionDate "2021.10.06"]
[SourceQuality "1"]
[WhiteTeam "Esch SF"]
[BlackTeam "Langenfeld II"]
[WhiteTeamCountry "GER"]
[BlackTeamCountry "GER"]

1. e4 c5 2. Nf3 Nc6 3. Bb5 a6 4. Bxc6 dxc6 5. h3 g6 6. 0-0 Bg7 7. d3 Nf6 8. Be3 b6 9. Nbd2 0-0 10. Nc4 Be6 11. Nfd2 Qc7 12. Qe2 1/2-1/2

[Event "Mittelrhein Verbandsliga-M 15/16"]
[Site "Nordrheinwestfalen"]
[Date "2016.01.10"]
[Round "6.6"]
[White "Schott, Helmut"]
[Black "Weber, Christian"]
[Result "0-1"]
[WhiteElo "1761"]
[BlackElo "1855"]
[PlyCount "62"]
[EventDate "2015.09.06"]
[EventType "team-tourn"]
[EventRounds "11"]
[EventCountry "GER"]
[SourceTitle "EXT 2022"]
[Source "ChessBase"]
[SourceDate "2021.10.06"]
[SourceVersion "1"]
[SourceVersionDate "2021.10.06"]
[SourceQuality "1"]
[WhiteTeam "Dormagen SV"]
[BlackTeam "Langenfeld II"]
[WhiteTeamCountry "GER"]
[BlackTeamCountry "GER"]

1. d4 f5 2. c4 Nf6 3. Nc3 e6 4. h3 Be7 5. e3 d6 6. Be2 0-0 7. Bf3 c6 8. d5 e5 9. e4 Qe8 10. Nge2 f4 11. b3 c5 12. Kd2 Bd7 13. a4 Na6 14. Na2 Nc7 15. Kd3 a6 16. Nac3 b5 17. Bb2 Qg6 18. Nb1 bxc4+ 19. bxc4 Rab8 20. Bc3 Rb7 21. Nd2 Rfb8 22. Qc2 Qe8 23. Rhb1 Rxb1 24. Nxb1 Qc8 25. Nd2 Rb7 26. Rb1 Rxb1 27. Nxb1 Bxh3 28. gxh3 Qxh3 29. Ng1 Qf1+ 30. Ne2 Qxf2 31. Bh1 Qe3# 0-1

[Event "Mittelrhein Verbandsliga Ost 1415"]
[Site "Mittelrhein"]
[Date "2015.02.01"]
[Round "7.5"]
[White "Weber, Christian"]
[Black "Thiemonds, Uli"]
[Result "0-1"]
[WhiteElo "1849"]
[BlackElo "2062"]
[PlyCount "62"]
[EventDate "2014.09.07"]
[EventType "team-tourn"]
[EventRounds "11"]
[EventCountry "GER"]
[SourceTitle "EXT 2023"]
[Source "ChessBase"]
[SourceDate "2022.10.05"]
[SourceVersion "1"]
[SourceVersionDate "2022.10.05"]
[SourceQuality "1"]
[WhiteTeam "Langenfeld II"]
[BlackTeam "Koeln Porz III"]
[WhiteTeamCountry "GER"]
[BlackTeamCountry "GER"]

1. f4 e6 2. Nf3 d5 3. e3 f5 4. b3 Nf6 5. Bb2 Bd6 6. Be2 0-0 7. 0-0 c5 8. a4 b6 9. Na3 Nc6 10. Qe1 Qe7 11. Ne5 Bb7 12. Bf3 Nd7 13. Qg3 Rad8 14. c4 Nb4 15. Be2 Nf6 16. d3 Bb8 17. Rad1 a6 18. Bf3 Rd6 19. Qf2 Rfd8 20. Nc2 dxc4 21. Nxb4 cxb4 22. dxc4 Ne4 23. Bxe4 Rxd1 24. Bxb7 Qxb7 25. Bd4 Rxf1+ 26. Kxf1 Bxe5 27. Bxe5 Qe4 28. Bd4 e5 29. fxe5 f4 30. Qh4 Rf8 31. Ke1 Qd3 0-1

[Event "Mittelrhein Verbandsliga Ost 1415"]
[Site "Mittelrhein"]
[Date "2015.01.11"]
[Round "6.6"]
[White "Weber, Christian"]
[Black "Schade, Frederik"]
[Result "1/2-1/2"]
[WhiteElo "1849"]
[BlackElo "1709"]
[PlyCount "58"]
[EventDate "2014.09.07"]
[EventType "team-tourn"]
[EventRounds "11"]
[EventCountry "GER"]
[SourceTitle "EXT 2023"]
[Source "ChessBase"]
[SourceDate "2022.10.05"]
[SourceVersion "1"]
[SourceVersionDate "2022.10.05"]
[SourceQuality "1"]
[WhiteTeam "Langenfeld II"]
[BlackTeam "Fritzdorf"]
[WhiteTeamCountry "GER"]
[BlackTeamCountry "GER"]

1. f4 d5 2. Nf3 Nc6 3. e3 Nf6 4. Bb5 Bd7 5. b3 g6 6. Bb2 Bg7 7. 0-0 0-0 8. d3 e6 9. Nbd2 Ne7 10. Bxd7 Qxd7 11. Ne5 Qd6 12. a4 Rfe8 13. Rf3 Nf5 14. Ba3 Qb6 15. a5 Qxa5 16. g4 Nxg4 17. Nxg4 Qc3 18. Rb1 h5 19. Nf2 d4 20. Bb2 Qc6 21. Nf1 Nh4 22. Rg3 e5 23. e4 exf4 24. Rh3 Qf6 25. Bc1 Re5 26. Kh1 Kh7 27. Nd2 Rc5 28. Nf3 Nxf3 29. Qxf3 Bh6 1/2-1/2

[Event "Mittelrhein Verbandsliga-M 1112"]
[Site "Germany"]
[Date "2011.12.11"]
[Round "4.4"]
[White "Pragua, Christoph P"]
[Black "Weber, Christian"]
[Result "1-0"]
[WhiteElo "2054"]
[BlackElo "1911"]
[PlyCount "91"]
[EventDate "2011.09.18"]
[EventType "team-tourn"]
[EventRounds "11"]
[EventCountry "GER"]
[SourceTitle "EXT 2013"]
[Source "ChessBase"]
[SourceDate "2012.11.22"]
[SourceVersion "1"]
[SourceVersionDate "2012.11.22"]
[SourceQuality "1"]
[WhiteTeam "Koeln SF II"]
[BlackTeam "Langenfeld III"]
[WhiteTeamCountry "GER"]
[BlackTeamCountry "GER"]

1. c4 f5 2. g3 Nf6 3. Bg2 e6 4. Nf3 d5 5. 0-0 Bd6 6. d4 c6 7. b3 Qe7 8. Bb2 0-0 9. Nbd2 Ne4 10. Ne5 Nxd2 11. Qxd2 Nd7 12. f4 Nf6 13. c5 Bb8 14. b4 Bd7 15. e3 Be8 16. Bc3 Ne4 17. Qc2 Bxe5 18. dxe5 h5 19. a4 g5 20. fxg5 Qxg5 21. Rf4 Nxc3 22. Qxc3 Rc8 23. Raf1 Rf7 24. Rb1 Rh7 25. Qd4 Rcc7 26. Kh1 Rcg7 27. Bf3 Qe7 28. Be2 Rg5 29. b5 Qg7 30. Rg1 Qc7 31. b6 axb6 32. cxb6 Qe7 33. Rc1 Qa3 34. Qc3 Qxc3 35. Rxc3 Bd7 36. a5 Bc8 37. Kg2 Kg7 38. Kf2 Kh6 39. a6 bxa6 40. Rxc6 Rg8 41. Rxf5 Re7 42. Rxh5+ Kg6 43. Rh4 Rf8+ 44. Ke1 Bb7 45. Bd3+ Kg5 46. Rc7 1-0